[Event "Online Olym Top DivB 2021"]
[Site "chess.com INT"]
[Date "2021.09.10"]
[Round "9.1"]
[Board "3"]
[White "Gitu, Paula-Alexandra"]
[Black "Papp, Petra"]
[Result "0-1"]
[WhiteTitle "WFM"]
[BlackTitle "WGM"]
[WhiteElo "2113"]
[BlackElo "2336"]
[WhiteTeam "Moldova"]
[BlackTeam "Hungary"]
[WhiteFideId "13904620"]
[BlackFideId "739049"]
[EventDate "2021.09.08"]
[EventType "team"]

1. e4 c6 2. d4 d5 3. exd5 cxd5 4. Bd3 Nc6 5. c3 Qc7 6. f4 Nh6 7. Nf3 Bf5 8. O-O
e6 9. Bxf5 Nxf5 10. Qe2 Bd6 11. Ne5 O-O 12. Nd2 Rae8 13. Ndf3 f6 14. Nd3 Qf7 15.
Bd2 Bb8 16. Rae1 b6 17. g4 Qg6 18. h3 Ng3 19. Qe3 Nxf1 20. Rxf1 Qe4 21. Re1
Qxe3+ 22. Rxe3 Rf7 23. Kg2 Rfe7 24. Nf2 Bxf4 0-1

[Event "Online Olym Top DivB 2021"]
[Site "chess.com INT"]
[Date "2021.09.10"]
[Round "9.1"]
[Board "4"]
[White "Havanecz, Bianka"]
[Black "Petricenco, Ana"]
[Result "1-0"]
[WhiteTitle "WIM"]
[WhiteElo "2224"]
[BlackElo "1910"]
[WhiteTeam "Hungary"]
[BlackTeam "Moldova"]
[WhiteFideId "704814"]
[BlackFideId "13908596"]
[EventDate "2021.09.08"]
[EventType "team"]

1. d4 d6 2. c4 e5 3. Nc3 Nd7 4. e4 Ngf6 5. d5 Be7 6. Bd3 O-O 7. Nge2 c6 8. dxc6
bxc6 9. O-O Nc5 10. Bc2 Re8 11. b4 Ncd7 12. Ng3 g6 13. a4 Nb6 14. Bb3 Be6 15.
Qe2 Nbd7 16. Ba3 Nf8 17. Rfd1 Qc7 18. b5 c5 19. Bc1 Bc8 20. Nd5 Nxd5 21. cxd5
Nd7 22. Bh6 Bf8 23. Bxf8 Rxf8 24. Bc4 Nf6 25. h3 h5 26. a5 h4 27. Nf1 Nh5 28. b6
Qe7 29. Ne3 Nf4 30. Qf3 axb6 31. axb6 Bb7 32. Bf1 Rxa1 33. Rxa1 Ra8 34. Rxa8+
Bxa8 35. Nc4 Qd8 36. Qa3 f5 37. Qa7 fxe4 38. b7 Bxb7 39. Qxb7 Qg5 40. Qc8+ Kh7
41. Qd7+ Kg8 42. Nxd6 Nh5 43. Qf7+ Kh8 44. Nxe4 1-0

[Event "Online Olym Top DivB 2021"]
[Site "chess.com INT"]
[Date "2021.09.10"]
[Round "9.1"]
[Board "5"]
[White "Ceres, Dragos"]
[Black "Kozak, Adam"]
[Result "0-1"]
[WhiteTitle "FM"]
[BlackTitle "GM"]
[WhiteElo "2372"]
[BlackElo "2517"]
[WhiteTeam "Moldova"]
[BlackTeam "Hungary"]
[WhiteFideId "13905864"]
[BlackFideId "753246"]
[EventDate "2021.09.08"]
[EventType "team"]

1. e4 c5 2. Nf3 a6 3. c3 d5 4. exd5 Qxd5 5. d4 e6 6. Be3 cxd4 7. cxd4 Nf6 8. Nc3
Qd8 9. Bd3 Nc6 10. O-O Be7 11. a3 O-O 12. Qe2 b6 13. Rac1 Bb7 14. Rfd1 Nb8 15.
Bg5 Nbd7 16. Rc2 b5 17. Ne4 Nxe4 18. Bxe7 Qxe7 19. Bxe4 Nf6 20. Bxb7 Qxb7 21.
Rdc1 Rad8 22. Rc6 h6 23. h3 Nd5 24. Qc2 Qa8 25. Qc5 Nf4 26. Rc2 Nd5 27. Kf1 Qb7
28. Ne5 a5 29. Kg1 a4 30. Nd3 Qb8 31. Ne5 Qb7 32. Nd3 Nf6 33. Nb4 Qb8 34. Rc7
Rd7 35. Na6 Rxc7 36. Qxc7 Qd8 37. Qxd8 Rxd8 38. Nc7 Rxd4 39. Nxb5 Rd1+ 40. Kh2
Rf1 41. f3 g5 42. Nc3 h5 43. h4 gxh4 44. Nxa4 Nd5 45. Nc3 Ne3 46. Re2 Nf5 47.
Ne4 h3 48. Rf2 hxg2 49. Kxg2 Ra1 50. Nf6+ Kf8 51. Nxh5 Ne3+ 52. Kh2 Nf1+ 53. Kh3
Ne3 54. Ng3 f5 55. Kh2 Rb1 56. Re2 f4 57. Ne4 e5 58. a4 Ra1 59. b3 Rb1 60. Ra2
Nf1+ 61. Kg2 Ne3+ 62. Kf2 Rh1 63. Rd2 Rh2+ 64. Kg1 Rh6 65. Rd6 Rh3 66. Kf2 Rh2+
67. Ke1 Ra2 68. Re6 Nc2+ 0-1

[Event "Online Olym Top DivB 2021"]
[Site "chess.com INT"]
[Date "2021.09.10"]
[Round "9.2"]
[Board "1"]
[White "Lenic, Luka"]
[Black "Vidit, Santosh Gujrathi"]
[Result "0-1"]
[WhiteTitle "GM"]
[BlackTitle "GM"]
[WhiteElo "2627"]
[BlackElo "2727"]
[WhiteTeam "Slovenia"]
[BlackTeam "India"]
[WhiteFideId "14603853"]
[BlackFideId "5029465"]
[EventDate "2021.09.08"]
[EventType "team"]

1. d4 Nf6 2. c4 e6 3. Nc3 Bb4 4. Qc2 O-O 5. a3 Bxc3+ 6. Qxc3 d5 7. Bg5 c5 8.
cxd5 cxd4 9. Qxd4 Nc6 10. Qd2 exd5 11. Nf3 h6 12. Bxf6 Qxf6 13. e3 d4 14. Nxd4
Rd8 15. Rd1 Nxd4 16. exd4 Be6 17. Be2 Bb3 18. Rc1 Rxd4 19. Qe3 Ba4 20. O-O Re8
21. Qf3 Rf4 22. Qd3 Qxb2 23. Bf3 Bb5 24. Qd6 Rf6 0-1

[Event "Online Olym Top DivB 2021"]
[Site "chess.com INT"]
[Date "2021.09.10"]
[Round "9.2"]
[Board "2"]
[White "Harikrishna, Pentala"]
[Black "Skoberne, Jure"]
[Result "1/2-1/2"]
[WhiteTitle "GM"]
[BlackTitle "GM"]
[WhiteElo "2725"]
[BlackElo "2561"]
[WhiteTeam "India"]
[BlackTeam "Slovenia"]
[WhiteFideId "5007003"]
[BlackFideId "14604299"]
[EventDate "2021.09.08"]
[EventType "team"]

1. d4 Nf6 2. c4 g6 3. Nf3 Bg7 4. g3 O-O 5. Bg2 d6 6. O-O Nc6 7. Nc3 e5 8. dxe5
dxe5 9. Bg5 Be6 10. Qxd8 Rfxd8 11. Nd2 h6 12. Bxf6 Bxf6 13. Nde4 Be7 14. Nd5
Rac8 15. Nxe7+ Nxe7 16. b3 b6 17. Rfd1 Kg7 18. Nc3 c6 19. c5 Nd5 20. Ne4 Nb4 21.
Rdc1 f5 22. Nd6 Rb8 23. Nc4 Kf6 24. cxb6 axb6 25. a3 Nd5 26. e4 Ne7 27. exf5
gxf5 28. b4 Rd4 29. Bf1 f4 30. a4 b5 31. Na5 Rb6 32. axb5 cxb5 33. Rab1 Bf5 34.
Rb2 Bd3 35. Nb3 Rd5 36. Bg2 e4 37. Nc5 f3 38. Bh3 Rbd6 39. Re1 Rd4 40. Rd2 Nd5
41. Nxd3 exd3 42. Bf1 Nxb4 43. Re3 R6d5 44. Rxf3+ Ke5 45. Kg2 h5 46. h4 Kd6 47.
Rf8 Rc4 48. Rd1 Kc5 49. Kf3 Kd4 50. Rb1 Kc3 51. Ra8 Nc2 52. Bh3 b4 53. Kg2 Re5
54. Rd8 b3 55. Rd1 Nd4 56. g4 Kc2 57. Rh1 d2 58. g5 d1=Q 59. Rxd1 Kxd1 60. g6
Re6 61. Bxe6 b2 62. Bf5 Kc1 63. g7 Nxf5 64. g8=Q Rg4+ 65. Qxg4 hxg4 66. Rc8+ Kd2
67. Rb8 Kc2 68. Rc8+ Kd2 69. Rb8 Kc2 70. h5 b1=Q 71. Rxb1 Kxb1 72. f3 Nh4+ 73.
Kg3 gxf3 74. h6 Nf5+ 75. Kxf3 Nxh6 1/2-1/2

[Event "Online Olym Top DivB 2021"]
[Site "chess.com INT"]
[Date "2021.09.10"]
[Round "9.2"]
[Board "3"]
[White "Janzelj, Lara"]
[Black "Tania, Sachdev"]
[Result "1/2-1/2"]
[WhiteTitle "WIM"]
[BlackTitle "IM"]
[WhiteElo "2186"]
[BlackElo "2392"]
[WhiteTeam "Slovenia"]
[BlackTeam "India"]
[WhiteFideId "14608391"]
[BlackFideId "5007844"]
[EventDate "2021.09.08"]
[EventType "team"]

1. d4 Nf6 2. c4 e6 3. Nf3 d5 4. g3 h6 5. Bg2 Bd6 6. O-O O-O 7. Nc3 Nc6 8. Nb5
dxc4 9. Qc2 e5 10. Nxd6 cxd6 11. dxe5 dxe5 12. Qxc4 Be6 13. Qb5 e4 14. Ne5 Nd4
15. Qxb7 Qd6 16. Bf4 Nxe2+ 17. Kh1 Nxf4 18. gxf4 Rfb8 19. Qc6 Qxc6 20. Nxc6 Rxb2
21. a3 Bc4 22. Rfe1 Rxf2 23. Bxe4 Nxe4 24. Rxe4 Be6 25. Kg1 Rc2 26. Nb4 Rd2 27.
Rc1 Kh7 28. Na6 Rad8 29. h4 Ra2 30. Re3 Rdd2 31. Rg3 h5 32. Nb4 Rab2 33. Nc6 a6
34. Ne5 Bd5 35. Rg5 g6 36. Nd7 Kg7 37. Ne5 Ra2 38. Rg3 Rg2+ 39. Rxg2 Rxg2+ 40.
Kf1 Ra2 41. Rc3 Rh2 42. Rc5 Be6 43. Nf3 Ra2 44. Rc3 a5 45. Ng5 Kf6 46. Ke1 a4
47. Nf3 Kf5 48. Nd4+ Kg4 49. Nxe6 fxe6 50. Re3 Kf5 51. Re5+ Kxf4 52. Rxe6 Kf5
53. Re3 Rh2 54. Rf3+ Ke5 55. Rg3 Kf5 56. Rf3+ Ke6 57. Rf4 Ke5 58. Rxa4 Kf5 59.
Rb4 Ke5 60. Kf1 Kd5 61. Kg1 Rh3 62. a4 Kc5 63. Rf4 Kd5 64. Kg2 Ra3 65. Rb4 Kc5
66. Rf4 Kd5 67. Rb4 Kc5 68. Rf4 Kd5 1/2-1/2

[Event "Online Olym Top DivB 2021"]
[Site "chess.com INT"]
[Date "2021.09.10"]
[Round "9.2"]
[Board "4"]
[White "Kulkarni, Bhakti"]
[Black "Vidic, Teja"]
[Result "0-1"]
[WhiteTitle "IM"]
[BlackTitle "WIM"]
[WhiteElo "2388"]
[BlackElo "2172"]
[WhiteTeam "India"]
[BlackTeam "Slovenia"]
[WhiteFideId "5019516"]
[BlackFideId "14605511"]
[EventDate "2021.09.08"]
[EventType "team"]

1. d4 d5 2. Bg5 Nf6 3. Bxf6 gxf6 4. e3 c5 5. Nc3 Nc6 6. Nf3 Bg4 7. dxc5 e6 8. h3
Bh5 9. Be2 Rg8 10. O-O f5 11. Na4 Qf6 12. Kh1 f4 13. exf4 Qxf4 14. c3 O-O-O 15.
g3 Qe4 16. Kh2 d4 17. Ng1 dxc3 18. Nxc3 Qe5 19. Qe1 Bxc5 20. Bxh5 Qxh5 21. Ne4
Bd4 22. Rc1 Kb8 23. f4 f5 24. Ng5 Rge8 25. N1f3 e5 26. fxe5 Nxe5 27. Nxe5 Rxe5
28. Qd1 Qxg5 29. Qb3 Re2+ 30. Kh1 Qd2 31. Qc4 Rh2# 0-1

[Event "Online Olym Top DivB 2021"]
[Site "chess.com INT"]
[Date "2021.09.10"]
[Round "9.2"]
[Board "5"]
[White "Subelj, Jan"]
[Black "Praggnanandhaa, R"]
[Result "0-1"]
[WhiteTitle "IM"]
[BlackTitle "GM"]
[WhiteElo "2415"]
[BlackElo "2617"]
[WhiteTeam "Slovenia"]
[BlackTeam "India"]
[WhiteFideId "14618583"]
[BlackFideId "25059530"]
[EventDate "2021.09.08"]
[EventType "team"]

1. e4 c5 2. Nf3 Nc6 3. Bb5 e6 4. O-O Nge7 5. Re1 Nd4 6. Nxd4 cxd4 7. c3 a6 8.
Bf1 Nc6 9. d3 Bc5 10. b4 Ba7 11. Bb2 O-O 12. a3 d6 13. Nd2 e5 14. cxd4 Nxd4 15.
Nb3 Nxb3 16. Qxb3 Be6 17. Qd1 f5 18. exf5 Rxf5 19. d4 Qf6 20. Re2 Rf8 21. Qc2
Qf7 22. Rc1 b5 23. f3 exd4 24. Kh1 d3 25. Qxd3 Bc4 26. Qc3 Bxe2 27. Bxe2 Re8 28.
Bd3 Rfe5 29. Be4 d5 30. Qxe5 Rxe5 31. Bxe5 Qe6 32. f4 dxe4 33. Rc7 Bb8 34. Rxg7+
Kf8 35. Rg5 e3 36. Bxb8 e2 0-1

[Event "Online Olym Top DivB 2021"]
[Site "chess.com INT"]
[Date "2021.09.10"]
[Round "9.2"]
[Board "6"]
[White "Savitha, Shri B"]
[Black "Urh, Zala"]
[Result "0-1"]
[WhiteTitle "WIM"]
[BlackTitle "WIM"]
[WhiteElo "2281"]
[BlackElo "2234"]
[WhiteTeam "India"]
[BlackTeam "Slovenia"]
[WhiteFideId "35061887"]
[BlackFideId "14611481"]
[EventDate "2021.09.08"]
[EventType "team"]

1. e4 e5 2. Nf3 Nc6 3. Bb5 a6 4. Ba4 Nf6 5. Qe2 b5 6. Bb3 Bc5 7. c3 d6 8. O-O
O-O 9. d3 h6 10. h3 Bb7 11. Rd1 Bb6 12. Nbd2 Ne7 13. Nf1 Ng6 14. Ng3 c5 15. Nf5
Kh7 16. h4 Nf4 17. Bxf4 exf4 18. d4 Bxe4 19. Bc2 Re8 20. dxc5 Bxc5 21. b4 Kg8
22. Bxe4 Rxe4 23. Qc2 Qd7 24. bxc5 Qxf5 25. cxd6 Rd8 26. Rd2 Qc5 27. Rad1 Re6
28. d7 Re7 29. Nd4 Rexd7 30. Qd3 Rd5 31. Qf3 Qc4 32. Rd3 b4 33. Kh2 bxc3 34.
Rxc3 Qa4 35. Nc6 Qxd1 36. Nxd8 Qxf3 37. gxf3 Rxd8 38. Rc6 a5 39. Rc5 Rd2 40.
Rxa5 Rxf2+ 41. Kg1 Rxf3 42. Ra8+ Kh7 43. a4 Ra3 44. a5 Kg6 45. a6 f3 46. Kf2
Ng4+ 0-1

[Event "Online Olym Top DivB 2021"]
[Site "chess.com INT"]
[Date "2021.09.10"]
[Round "9.3"]
[Board "1"]
[White "Adly, Ahmed"]
[Black "Aleksandrov, Aleksej"]
[Result "1-0"]
[WhiteTitle "GM"]
[BlackTitle "GM"]
[WhiteElo "2619"]
[BlackElo "2525"]
[WhiteTeam "Egypt"]
[BlackTeam "Belarus"]
[WhiteFideId "10601619"]
[BlackFideId "13500139"]
[EventDate "2021.09.08"]
[EventType "team"]

1. Nf3 Nf6 2. g3 b5 3. Bg2 Bb7 4. O-O e6 5. d4 c5 6. a4 b4 7. c3 bxc3 8. Nxc3
Na6 9. Bf4 Be7 10. Nb5 O-O 11. Nd6 Bd5 12. Nb5 Qb6 13. dxc5 Bxc5 14. Ne5 Qb7 15.
Bxd5 Nxd5 16. Bd2 h6 17. Nd3 Be7 18. Rc1 Rfc8 19. e4 Ndc7 20. Qg4 Nxb5 21. Bxh6
Bf8 22. axb5 Qxb5 23. Rfd1 Rxc1 24. Bxc1 Rc8 25. Be3 Qa4 26. h3 Nb8 27. Kg2 d6
28. Qf3 Nd7 29. h4 a6 30. h5 Nf6 31. e5 dxe5 32. Nxe5 Qe4 33. Qxe4 Nxe4 34. Rd7
Bc5 35. Bxc5 Nxc5 36. Ra7 f6 37. Ng6 Kh7 38. f4 e5 39. fxe5 fxe5 40. Nxe5 Rb8
41. Kh3 Rxb2 42. Ra8 g5 43. hxg6+ Kg7 44. Rc8 Ne6 45. Rc6 Ng5+ 46. Kh4 Rb5 47.
Rc7+ Kh6 48. g7 Kh7 49. Ng4 Nf3+ 50. Kh3 Ng5+ 51. Kg2 Rb2+ 52. Kf1 Rb6 53. Ne3
Rf6+ 54. Ke2 Ne6 55. Ra7 Nxg7 56. Nd5 Re6+ 57. Kf3 Rd6 58. Ke4 Re6+ 59. Kf4 Rd6
60. Ne3 Rf6+ 61. Kg4 Rg6+ 62. Kh3 Rh6+ 63. Kg2 Rf6 64. g4 Kg8 65. Kg3 Rb6 66.
Kh4 Ne6 67. Nd5 Rb5 68. Nf6+ Kf8 69. Rxa6 Kf7 70. Ne4 Rb1 71. Ng3 Rb5 72. Ra2
Kg6 73. Ra6 Kf7 74. Ra1 Kg6 75. Nh5 Rb6 76. Re1 Ng5 77. Re7 Kh6 78. Re8 1-0

[Event "Online Olym Top DivB 2021"]
[Site "chess.com INT"]
[Date "2021.09.10"]
[Round "9.3"]
[Board "2"]
[White "Nikitenko, Mihail"]
[Black "Fawzy, Adham"]
[Result "1/2-1/2"]
[WhiteTitle "IM"]
[BlackTitle "GM"]
[WhiteElo "2501"]
[BlackElo "2488"]
[WhiteTeam "Belarus"]
[BlackTeam "Egypt"]
[WhiteFideId "13506862"]
[BlackFideId "10613129"]
[EventDate "2021.09.08"]
[EventType "team"]

1. e4 c5 2. Nf3 Nc6 3. d4 cxd4 4. Nxd4 e5 5. Nb5 d6 6. N1c3 a6 7. Na3 b5 8. Nd5
Nge7 9. c4 Nxd5 10. exd5 Nd4 11. Bd3 1/2-1/2

[Event "Online Olym Top DivB 2021"]
[Site "chess.com INT"]
[Date "2021.09.10"]
[Round "9.3"]
[Board "3"]
[White "Wafa, Shahenda"]
[Black "Tarasenka, Aliaksandra"]
[Result "0-1"]
[WhiteTitle "WGM"]
[BlackTitle "WFM"]
[WhiteElo "2120"]
[BlackElo "2124"]
[WhiteTeam "Egypt"]
[BlackTeam "Belarus"]
[WhiteFideId "10609962"]
[BlackFideId "13514288"]
[EventDate "2021.09.08"]
[EventType "team"]

1. e4 e6 2. d4 d5 3. Nc3 Nf6 4. e5 Nfd7 5. f4 c5 6. Nf3 Nc6 7. Be3 a6 8. Qd2 b5
9. dxc5 Bxc5 10. Bxc5 Nxc5 11. Nd4 Qb6 12. Nxc6 Qxc6 13. a3 O-O 14. O-O-O Rb8
15. f5 b4 16. axb4 Rxb4 17. f6 h6 18. fxg7 Kxg7 19. Bd3 d4 20. Qf4 f5 21. exf6+
Rxf6 22. Qg4+ Kf7 23. Rdf1 Nxd3+ 24. cxd3 Rf5 25. Qe4 Qb6 26. Nd1 Qc5+ 27. Kb1
Bb7 28. Qe2 Qa5 29. g4 Rxf1 30. Rxf1+ Ke7 31. Qf2 Ra4 32. Qf8+ Kd7 33. Rf7+ Kc6
34. Qe8+ Kb6 35. Qd8+ Ka7 36. Qxa5 Rxa5 37. Rf6 Re5 38. Rxh6 Re1 39. Kc2 Bf3 40.
Nc3 dxc3 41. Kxc3 Bxg4 42. h4 Kb6 43. Rh8 Rh1 44. Kd4 Bf5 45. Kc4 Rc1+ 46. Kb3
Bxd3 47. h5 Bc4+ 48. Kb4 a5+ 49. Ka3 Ra1# 0-1

[Event "Online Olym Top DivB 2021"]
[Site "chess.com INT"]
[Date "2021.09.10"]
[Round "9.3"]
[Board "5"]
[White "Wafa, Hamed"]
[Black "Zarubitski, Viachaslau"]
[Result "0-1"]
[BlackTitle "IM"]
[WhiteElo "2024"]
[BlackElo "2416"]
[WhiteTeam "Egypt"]
[BlackTeam "Belarus"]
[WhiteFideId "10628452"]
[BlackFideId "13509373"]
[EventDate "2021.09.08"]
[EventType "team"]

1. e4 c5 2. Nf3 e6 3. c3 Nf6 4. e5 Nd5 5. Bc4 Nb6 6. Bb3 d5 7. d4 Nc6 8. O-O Be7
9. Be3 cxd4 10. cxd4 Bd7 11. Nc3 Rc8 12. Rc1 Na5 13. Nd2 Nxb3 14. Qxb3 O-O 15.
Qd1 Nc4 16. Nxc4 Rxc4 17. Ne2 Rxc1 18. Qxc1 Qa5 19. Nc3 Rc8 20. Bg5 Bb4 21. Qf4
h6 22. Bh4 Bxc3 23. bxc3 Qxc3 24. Qg4 Qd3 25. h3 Bb5 26. Re1 Rc4 27. Rd1 Qc2 28.
Re1 Qg6 29. Qf4 Qd3 30. Re3 Qxd4 31. Qxd4 Rxd4 32. Be7 Rd1+ 33. Kh2 Rd2 34. Rb3
a6 35. a4 Bc6 36. Kg3 Ra2 37. Ba3 Bxa4 0-1

[Event "Online Olym Top DivB 2021"]
[Site "chess.com INT"]
[Date "2021.09.10"]
[Round "9.3"]
[Board "6"]
[White "Poliakova, Varvara"]
[Black "Maged, Juneer"]
[Result "1-0"]
[WhiteElo "1944"]
[BlackElo "1230"]
[WhiteTeam "Belarus"]
[BlackTeam "Egypt"]
[WhiteFideId "13518313"]
[BlackFideId "10648933"]
[EventDate "2021.09.08"]
[EventType "team"]

1. e4 e5 2. Nf3 Nc6 3. Bc4 Bc5 4. d3 d6 5. c3 Nf6 6. Bb3 O-O 7. h3 d5 8. Nbd2
dxe4 9. dxe4 Nxe4 10. Nxe4 Qxd1+ 11. Bxd1 Bb6 12. O-O Bf5 13. Ng3 Bd3 14. Be2 e4
15. Bxd3 exd3 16. Be3 Bxe3 17. fxe3 Rfe8 18. Kf2 Rad8 19. Rfd1 g6 20. Rd2 Re7
21. Rad1 Red7 22. Ne4 Rd6 23. Nxd6 Rxd6 24. Rxd3 Rf6 25. Rd7 Ne5 26. Rxc7 g5 27.
Ke2 Ng6 28. Nxg5 h6 29. Rd8+ Kg7 30. Nf3 Rb6 31. b3 Nf8 32. Ne5 Rf6 33. Rxf8
Kxf8 34. Nd7+ Kg7 35. Nxf6 Kxf6 36. Rxb7 a5 37. a4 h5 38. g3 Kg6 39. Rb5 f5 40.
Kf3 f4 41. Kxf4 Kf6 42. Rxh5 Kg6 43. Rxa5 Kf6 44. b4 Ke6 45. b5 Kd6 46. Ra6+ Kc7
47. h4 Kb7 48. h5 Kb8 49. h6 Kc7 50. Rf6 Kd8 51. g4 Ke7 52. g5 Ke8 53. a5 Ke7
54. Kf5 Ke8 55. c4 Ke7 56. e4 Ke8 57. c5 Kd7 58. g6 Kc8 59. e5 Kb7 60. e6 Kc7
61. Ke5 Kb7 62. Kd6 Ka7 63. c6 Kb8 64. b6 Ka8 65. a6 Kb8 66. h7 Kc8 67. g7 Kd8
68. a7 Ke8 69. Rf7 Kd8 70. Ke5 Kc8 71. Kf6 Kd8 72. h8=N Ke8 73. a8=N Kd8 74. Ng6
Kc8 75. g8=N Kd8 76. Ra7 Ke8 77. b7 Kd8 78. Nh6 Ke8 79. Ne5 Kf8 80. b8=N Ke8 81.
c7 Kf8 82. c8=N Ke8 83. Nd6+ Kd8 84. Nbc6# 1-0

[Event "Online Olym Top DivB 2021"]
[Site "chess.com INT"]
[Date "2021.09.10"]
[Round "9.4"]
[Board "1"]
[White "Gozzoli, Yannick"]
[Black "Radjabov, Teimour"]
[Result "1/2-1/2"]
[WhiteTitle "GM"]
[BlackTitle "GM"]
[WhiteElo "2602"]
[BlackElo "2763"]
[WhiteTeam "France"]
[BlackTeam "Azerbaijan"]
[WhiteFideId "616915"]
[BlackFideId "13400924"]
[EventDate "2021.09.08"]
[EventType "team"]

1. d4 Nf6 2. Nf3 e6 3. c4 b6 4. a3 Bb7 5. Nc3 Be7 6. d5 d6 7. g3 e5 8. Bg2 O-O
9. O-O a5 10. Rb1 Nbd7 11. Ne1 Re8 12. e4 c6 13. dxc6 Bxc6 14. Nc2 Nc5 15. Qe2
Qd7 16. Rd1 Nb3 17. Be3 Qb7 18. f3 Rac8 19. Qf2 b5 20. cxb5 Bxb5 21. Nxb5 Qxb5
22. Bf1 Qb7 23. Na1 Nd4 24. Bxd4 exd4 25. Bd3 Nd7 26. Nc2 Ne5 27. Nxd4 d5 28.
exd5 Bc5 29. Kg2 Qxd5 30. Be4 Qd6 31. Nf5 Qf8 32. Qf1 g6 33. Nh4 Be7 34. Rbc1
Bxh4 35. gxh4 Qh6 36. Rxc8 Rxc8 37. Qf2 Nc4 38. f4 Qh5 39. Bf3 Qb5 40. b4 axb4
41. axb4 Qxb4 42. Kg3 Re8 43. Qd4 Qb3 44. Rd3 Ne3 45. Be4 Nf1+ 46. Kf2 Qe6 47.
Kxf1 Qxe4 48. Qxe4 Rxe4 49. Rf3 Kg7 50. Kg2 Kf6 51. Kg3 Kf5 52. Ra3 Rd4 53. Ra5+
Ke6 54. Re5+ Kf6 55. h5 Rd3+ 56. Kg2 Rd6 57. hxg6 fxg6 58. Kg3 Rd3+ 59. Kg2 Rd6
60. Kg3 Re6 61. Ra5 Re3+ 62. Kg2 h5 63. h4 Rb3 64. Rc5 Rb2+ 65. Kg3 Rb1 66. Kg2
Rd1 67. Ra5 Ke6 68. Re5+ Kf6 69. Ra5 Ke6 70. Re5+ Kf6 71. Ra5 1/2-1/2

[Event "Online Olym Top DivB 2021"]
[Site "chess.com INT"]
[Date "2021.09.10"]
[Round "9.4"]
[Board "2"]
[White "Mamedyarov, Shakhriyar"]
[Black "Maze, Sebastien"]
[Result "1-0"]
[WhiteTitle "GM"]
[BlackTitle "GM"]
[WhiteElo "2762"]
[BlackElo "2553"]
[WhiteTeam "Azerbaijan"]
[BlackTeam "France"]
[WhiteFideId "13401319"]
[BlackFideId "613762"]
[EventDate "2021.09.08"]
[EventType "team"]

1. d4 Nf6 2. c4 g6 3. Nf3 Bg7 4. g3 O-O 5. Bg2 d6 6. O-O Nc6 7. Nc3 e5 8. h3 h6
9. Be3 Re8 10. dxe5 Nxe5 11. Nxe5 Rxe5 12. Bd4 Rh5 13. g4 Bxg4 14. Bxf6 Qd7 15.
hxg4 Qxg4 16. Ne4 Re8 17. Qd3 Qf4 18. Ng3 1-0

[Event "Online Olym Top DivB 2021"]
[Site "chess.com INT"]
[Date "2021.09.10"]
[Round "9.4"]
[Board "3"]
[White "Sebag, Marie"]
[Black "Mammadzada, Gunay"]
[Result "1-0"]
[WhiteTitle "GM"]
[BlackTitle "IM"]
[WhiteElo "2447"]
[BlackElo "2459"]
[WhiteTeam "France"]
[BlackTeam "Azerbaijan"]
[WhiteFideId "617822"]
[BlackFideId "13403729"]
[EventDate "2021.09.08"]
[EventType "team"]

1. e4 c5 2. Nf3 d6 3. d4 cxd4 4. Nxd4 Nf6 5. Nc3 a6 6. h3 e6 7. g4 d5 8. exd5
Nxd5 9. Nde2 Bc5 10. Bg2 Qb6 11. O-O Nxc3 12. Nxc3 Qc7 13. Qf3 O-O 14. Bf4 Bd6
15. Bxd6 Qxd6 16. Rad1 Qb6 17. Na4 Qa5 18. Qb3 Nd7 19. Rd6 Rb8 20. Nb6 Nxb6 21.
Qxb6 Qxb6 22. Rxb6 Rd8 23. c4 Ra8 24. c5 Rd7 25. c6 bxc6 26. Bxc6 Rd6 27. Bxa8
Rxb6 28. Rd1 1-0

[Event "Online Olym Top DivB 2021"]
[Site "chess.com INT"]
[Date "2021.09.10"]
[Round "9.4"]
[Board "4"]
[White "Mammadova, Gulnar"]
[Black "Guichard, Pauline"]
[Result "0-1"]
[WhiteTitle "IM"]
[BlackTitle "IM"]
[WhiteElo "2395"]
[BlackElo "2409"]
[WhiteTeam "Azerbaijan"]
[BlackTeam "France"]
[WhiteFideId "13403508"]
[BlackFideId "639370"]
[EventDate "2021.09.08"]
[EventType "team"]

1. e4 e5 2. Nf3 Nc6 3. Nc3 Nf6 4. a3 d5 5. Bb5 Nxe4 6. Qe2 Nxc3 7. Qxe5+ Be7 8.
Qxc3 O-O 9. d4 Bg4 10. Bxc6 bxc6 11. Ne5 Qc8 12. Qxc6 Be6 13. O-O Rb8 14. b4 Rb6
15. Qc3 Bf5 16. Bf4 Re6 17. Nd3 Bf6 18. Rfe1 Rfe8 19. Be5 Bxd3 20. cxd3 Bd8 21.
Rec1 Bg5 22. f4 Bd8 23. f5 Rh6 24. Rf1 c6 25. Rac1 Bb6 26. Kh1 a6 27. f6 Re6 28.
Qb3 gxf6 29. Bf4 Rh5 30. g4 Rh4 31. Qxd5 Rxg4 32. Qf5 Rxf4 33. Rxf4 Qd8 34. Rg1+
Kf8 35. Qxh7 Qd5+ 36. Re4 f5 37. Rg8+ Ke7 38. Qh4+ Kd7 39. Rg5 Bxd4 40. Qh7 Rxe4
41. Qxf5+ Qxf5 42. Rxf5 Re1+ 43. Kg2 Ke6 44. Ra5 Re2+ 45. Kg3 Re3+ 46. Kf4 Rxd3
47. Rxa6 Kd5 48. Ra5+ Kd6 49. Ke4 Rd1 50. Ra6 Bg1 51. b5 Rc1 52. bxc6 Rxc6 53.
Rxc6+ Kxc6 54. Kf5 Kd7 55. h4 Ke8 56. a4 Bb6 57. h5 Kf8 58. Ke5 Kg7 59. Kf5 Bd8
60. Kf4 Kf6 61. Kg4 Bc7 62. Kh4 Kf5 63. h6 Kg6 64. h7 Kxh7 65. Kg5 Kg7 66. Kf5
f6 67. Kg4 Kg6 68. Kf3 f5 69. Kf2 Kg5 70. Kf3 f4 71. Kf2 Kg4 72. Kg2 Bb6 73. Kf1
Kf3 0-1

[Event "Online Olym Top DivB 2021"]
[Site "chess.com INT"]
[Date "2021.09.10"]
[Round "9.4"]
[Board "5"]
[White "Maurizzi, Marc Andria"]
[Black "Asadli, Vugar"]
[Result "1/2-1/2"]
[WhiteTitle "GM"]
[BlackTitle "GM"]
[WhiteElo "2488"]
[BlackElo "2578"]
[WhiteTeam "France"]
[BlackTeam "Azerbaijan"]
[WhiteFideId "36083534"]
[BlackFideId "13405764"]
[EventDate "2021.09.08"]
[EventType "team"]

1. d4 d5 2. Bf4 Nf6 3. Nf3 e6 4. Nbd2 Bd6 5. Bg3 c5 6. e3 Nc6 7. c3 O-O 8. Bd3
b6 9. Qe2 Bb7 10. Rd1 c4 11. Bc2 b5 12. e4 Be7 13. e5 Nh5 14. Ng5 Bxg5 15. Qxh5
g6 16. Qf3 f6 17. exf6 Qxf6 18. Qe2 Rae8 19. Nf3 Bf4 20. Ne5 Nxe5 21. dxe5 Qg5
22. Rd4 Bxg3 23. hxg3 Qc1+ 24. Bd1 Re7 25. f4 b4 26. Qd2 Qxd2+ 27. Kxd2 a5 28.
Bc2 Bc6 29. a3 bxa3 30. bxa3 Rb7 31. Ra1 Rfb8 32. g4 Rb2 33. Kc1 Kf7 34. Rd2 Ke7
35. g5 R2b7 36. g3 Be8 37. Rh2 Kf8 38. Rd2 Ke7 39. g4 Kd8 1/2-1/2